[Event "FICGS W-ch st1 g23 email"]
[Site "FICGS email"]
[Date "2009.11.02"]
[Round "1"]
[White "Wagschal, Jean Philippe"]
[Black "Moreira, Jose"]
[Result "0-1"]
[WhiteElo "1623"]
[BlackElo "2085"]
[PlyCount "142"]
[EventDate "2009.??.??"]
[EventType "tourn (corr)"]
[EventRounds "8"]
[SourceTitle "Corr 2022"]
[Source "ChessBase"]
[SourceDate "2021.10.24"]
[SourceVersion "1"]
[SourceVersionDate "2021.10.24"]
[SourceQuality "1"]

1. e4 c5 2. Nf3 d6 3. d4 cxd4 4. Nxd4 Nf6 5. Nc3 g6 6. Be3 Bg7 7. f3 Nc6 8. Qd2 0-0 9. Bc4 Bd7 10. 0-0-0 Na5 11. Bb3 Nxb3+ 12. cxb3 a6 13. g4 b5 14. h4 b4 15. Nce2 a5 16. Kb1 a4 17. bxa4 Rxa4 18. Nc1 Qa8 19. b3 Ra5 20. h5 Bxg4 21. fxg4 Nxe4 22. Qxb4 Rb8 23. Qe1 Rc8 24. Bd2 Rac5 25. Bb4 Bxd4 26. Rxd4 Rxc1+ 27. Qxc1 Rxc1+ 28. Rxc1 e5 29. Rdc4 Kg7 30. hxg6 hxg6 31. Rd1 d5 32. Rc2 Qb7 33. a3 d4 34. Kb2 Ng5 35. Rdc1 Qf3 36. Bd6 Qd5 37. Bb4 d3 38. Rd2 Nf3 39. Rdd1 Qe4 40. Bc3 Qe2+ 41. Ka1 d2 42. Rb1 Kf6 43. b4 Ke6 44. b5 Qd3 45. Bb4 e4 46. b6 Qd4+ 47. Ka2 e3 48. b7 Qd5+ 49. Ka1 Qe5+ 50. Ka2 e2 51. Rxd2 Nxd2 52. b8Q Qxb8 53. Bxd2 Qg3 54. Rb6+ Kd5 55. Rb5+ Kc6 56. Rb4 f5 57. gxf5 gxf5 58. Kb2 Qf2 59. Kc3 f4 60. Kd3 Qf1 61. Rc4+ Kd5 62. Rd4+ Ke5 63. Re4+ Kf5 64. Rxf4+ Qxf4 65. Bxf4 e1Q 66. Bd2 Qg3+ 67. Kc2 Ke4 68. Bb4 Qd3+ 69. Kb2 Qc4 70. Kb1 Qb3+ 71. Kc1 Kd3 0-1

[Event "FICGS class D 000105 email"]
[Site "FICGS email"]
[Date "2008.10.01"]
[Round "1"]
[White "Ruslin, Alexey"]
[Black "Wagschal, Jean Philippe"]
[Result "0-1"]
[WhiteElo "1675"]
[BlackElo "1500"]
[PlyCount "24"]
[EventDate "2008.??.??"]
[EventType "tourn (corr)"]
[EventRounds "6"]
[SourceTitle "Corr 2022"]
[Source "ChessBase"]
[SourceDate "2021.10.24"]
[SourceVersion "1"]
[SourceVersionDate "2021.10.24"]
[SourceQuality "1"]

1. d4 Nf6 2. Nf3 g6 3. e3 Bg7 4. b3 0-0 5. Bb2 d6 6. Bd3 Re8 7. 0-0 Nbd7 8. Nbd2 e5 9. dxe5 dxe5 10. Bc4 b6 11. Re1 h6 12. Nf1 Bb7 0-1

[Event "FICGS class D 000105 email"]
[Site "FICGS email"]
[Date "2008.10.01"]
[Round "1"]
[White "Wagschal, Jean Philippe"]
[Black "Oliveira, Carlos"]
[Result "1-0"]
[WhiteElo "1500"]
[BlackElo "1414"]
[PlyCount "39"]
[EventDate "2008.??.??"]
[EventType "tourn (corr)"]
[EventRounds "6"]
[SourceTitle "Corr 2022"]
[Source "ChessBase"]
[SourceDate "2021.10.24"]
[SourceVersion "1"]
[SourceVersionDate "2021.10.24"]
[SourceQuality "1"]

1. e4 c6 2. d4 d5 3. exd5 cxd5 4. c4 Nf6 5. Nc3 e6 6. Nf3 Be7 7. cxd5 Nxd5 8. Bd3 0-0 9. 0-0 Nc6 10. a3 b6 11. Qc2 h6 12. Re1 Bb7 13. Qe2 Rc8 14. Qe4 Nf6 15. Qh4 Nd5 16. Qg4 Kh8 17. Nxd5 Qxd5 18. Qh3 h5 19. Be4 Qa5 20. d5 1-0